[Event "Tata Steel (B) 2015"]
[Site "Wijk aan Zee NED"]
[Date "2015.01.17"]
[Round "7"]
[White "Van Kampen, R."]
[Black "Navara, D."]
[Result "0-1"]
[WhiteElo "2615"]
[BlackElo "2729"]
[PlyCount "68"]
[EventDate "2015.01.10"]

1. e4 c6 2. Nf3 d5 3. Nc3 Bg4 4. h3 Bxf3 5. Qxf3 Nf6 6. d3 e5 7. Bd2 Bb4 8. a3
Ba5 9. b4 Bb6 10. Be2 O-O 11. Rb1 Re8 12. Bg5 Nbd7 13. O-O h6 14. Bh4 d4 15.
Na4 Bc7 16. Nc5 g5 17. Nxd7 Nxd7 18. Bg3 Qf6 19. Qxf6 Nxf6 20. a4 Kg7 21. Rb3
a6 22. Rfb1 b5 23. Ra3 Bd6 24. c3 a5 25. axb5 cxb5 26. cxd4 Bxb4 27. Rab3 exd4
28. Rxb4 axb4 29. Rxb4 Nd5 30. Rxd4 Nf4 31. Bxf4 gxf4 32. Rb4 Rec8 33. g4 Ra2
34. Bf1 Rc1 0-1

[Event "Tata Steel 2015"]
[Site "Wijk aan Zee NED"]
[Date "2015.01.18"]
[Round "8"]
[White "Jobava, Ba"]
[Black "Carlsen, M."]
[Result "0-1"]
[WhiteElo "2727"]
[BlackElo "2862"]
[PlyCount "100"]
[EventDate "2015.01.09"]

1. b3 g6 2. Bb2 Nf6 3. Nc3 Bg7 4. d4 c5 5. e3 cxd4 6. exd4 d5 7. Qd2 Nc6 8. f3
h5 9. Bb5 Qd6 10. Nge2 Bh6 11. Qd1 Bf5 12. Bc1 Bxc1 13. Rxc1 Rc8 14. Qd2 O-O
15. Bxc6 bxc6 16. Na4 Rfe8 17. O-O e5 18. c3 h4 19. dxe5 Rxe5 20. b4 Rce8 21.
Nd4 h3 22. g3 Bc8 23. Nc5 Nd7 24. Nd3 R5e7 25. Rfe1 c5 26. bxc5 Nxc5 27. Nf4
Rxe1+ 28. Rxe1 Rxe1+ 29. Qxe1 Ne6 30. Nfxe6 Bxe6 31. Kf2 Bd7 32. Qb1 Qc7 33.
Qb3 Bc8 34. a3 a5 35. Qb2 Ba6 36. Nc2 Qa7+ 37. Ne3 Bc4 38. f4 Kh7 39. g4 Qe7
40. Qc1 Qe4 41. f5 Qf4+ 42. Kg1 gxf5 43. gxf5 Bd3 44. Qe1 Bxf5 45. Nxf5 Qxf5
46. Qg3 Kh6 47. Qb8 Qf3 48. Qh8+ Kg6 49. Qg8+ Kf6 50. Qd8+ Ke5 0-1

[Event "Tata Steel (B) 2015"]
[Site "Wijk aan Zee NED"]
[Date "2015.01.18"]
[Round "8"]
[White "Haast, A."]
[Black "Gunina, V."]
[Result "1-0"]
[WhiteElo "2352"]
[BlackElo "2538"]
[PlyCount "89"]
[EventDate "2015.01.10"]

1. e4 e5 2. Nf3 Nc6 3. d4 exd4 4. Bc4 Nf6 5. O-O Nxe4 6. Re1 d5 7. Bxd5 Qxd5 8.
Nc3 Qa5 9. Nxe4 Be6 10. Neg5 O-O-O 11. Nxe6 fxe6 12. Rxe6 h6 13. Qe2 Bd6 14.
Bd2 Bb4 15. Bf4 g5 16. Bg3 d3 17. cxd3 g4 18. Rxc6 bxc6 19. Ne5 Rhe8 20. Qxg4+
Kb7 21. Rc1 Bd6 22. b4 Qd5 23. Nc4 Bxb4 24. Ne3 Qb5 25. Rb1 c5 26. Qf3+ Ka6 27.
a3 Rxd3 28. axb4 cxb4 29. Bxc7 Qc5 30. Qf6+ Kb7 31. Bf4 a5 32. h4 h5 33. Nf5
Red8 34. Kh2 Qxf2 35. Qe5 Qb6 36. Rc1 Rc3 37. Rxc3 bxc3 38. Nd6+ Kc6 39. Qxc3+
Kd7 40. Qg7+ Kc6 41. Qf6 Kd7 42. Qf7+ Kc6 43. Qe6 Qb4 44. Nf7+ Kb5 45. Qe5+ 1-0

[Event "Tata Steel (B) 2015"]
[Site "Wijk aan Zee NED"]
[Date "2015.01.18"]
[Round "8"]
[White "Dale, Ari"]
[Black "Salem, AR."]
[Result "0-1"]
[WhiteElo "2291"]
[BlackElo "2603"]
[PlyCount "62"]
[EventDate "2015.01.10"]

1. d4 Nf6 2. c4 g6 3. Nc3 Bg7 4. e4 d6 5. Nf3 O-O 6. Be2 e5 7. Be3 Qe8 8. dxe5
Ng4 9. Bg5 Nxe5 10. Nd4 Be6 11. Nxe6 fxe6 12. O-O Nbc6 13. Be3 Nd7 14. Rc1 Nc5
15. f3 Qe7 16. Qd2 Rf7 17. Nb5 a6 18. Nd4 Bxd4 19. Bxd4 Nxd4 20. Qxd4 e5 21.
Qe3 a5 22. b3 Kg7 23. a3 b6 24. b4 Ne6 25. c5 bxc5 26. Bc4 axb4 27. Bxe6 Qxe6
28. axb4 cxb4 29. Rc6 Qa2 30. f4 Qa7 31. Qxa7 Rxa7 0-1

[Event "Tata Steel (B) 2015"]
[Site "Wijk aan Zee NED"]
[Date "2015.01.18"]
[Round "8"]
[White "Navara, D."]
[Black "Michiels, B."]
[Result "1-0"]
[WhiteElo "2729"]
[BlackElo "2563"]
[PlyCount "75"]
[EventDate "2015.01.10"]

1. e4 e6 2. d4 d5 3. Nd2 Nf6 4. e5 Nfd7 5. Bd3 c5 6. c3 Nc6 7. Ne2 cxd4 8. cxd4
f6 9. exf6 Nxf6 10. O-O Bd6 11. Nf3 Qc7 12. h3 O-O 13. Be3 Bd7 14. Re1 Be8 15.
Ng5 Bf7 16. Rc1 Kh8 17. a3 Bg8 18. b4 a6 19. g3 h6 20. Nf4 Bxf4 21. Bxf4 Qd7
22. Nf3 Bh7 23. b5 axb5 24. Bxb5 Qe7 25. Bxc6 bxc6 26. Rxc6 Ne4 27. Re3 Ra7 28.
Rb3 Qf6 29. Qc1 Qf5 30. Rc8 Ra8 31. Rc7 Qxh3 32. Rbb7 Ng5 33. Nxg5 hxg5 34.
Rxg7 gxf4 35. Qc7 Be4 36. Rg8+ Rxg8 37. Qe5+ Rg7 38. Qxg7# 1-0

[Event "Tata Steel (B) 2015"]
[Site "Wijk aan Zee NED"]
[Date "2015.01.18"]
[Round "8"]
[White "Wei Yi"]
[Black "Klein, Da"]
[Result "1-0"]
[WhiteElo "2675"]
[BlackElo "2517"]
[PlyCount "67"]
[EventDate "2015.01.10"]

1. e4 e5 2. Nf3 Nc6 3. Bc4 Bc5 4. O-O d6 5. c3 Nf6 6. d3 a6 7. Nbd2 Ba7 8. Bb3
O-O 9. h3 h6 10. Re1 Re8 11. Nf1 Be6 12. Bc2 d5 13. exd5 Bxd5 14. Ng3 Qd7 15.
Be3 Bxe3 16. Rxe3 Nh7 17. Qe2 f6 18. Rd1 Qf7 19. Nf5 Qh5 20. d4 e4 21. Ng3 exf3
22. Qd3 Qg5 23. Qxh7+ Kf8 24. Rde1 Rxe3 25. Rxe3 Rd8 26. gxf3 Bxa2 27. b3 Qd5
28. Ne2 Bxb3 29. Bxb3 Qxb3 30. Nf4 Qg8 31. Qf5 Re8 32. Qc5+ Kf7 33. Qd5+ Kf8
34. Ng6# 1-0

[Event "Tata Steel (B) 2015"]
[Site "Wijk aan Zee NED"]
[Date "2015.01.18"]
[Round "8"]
[White "Timman, J."]
[Black "Van Kampen, R."]
[Result "0-1"]
[WhiteElo "2593"]
[BlackElo "2615"]
[PlyCount "80"]
[EventDate "2015.01.10"]

1. e4 c5 2. Nf3 e6 3. d4 cxd4 4. Nxd4 Nc6 5. Nc3 Qc7 6. Be3 a6 7. Qf3 Bd6 8.
O-O-O Be5 9. Nxc6 bxc6 10. Bd4 Nf6 11. Bxe5 Qxe5 12. Qe3 Ng4 13. Qe1 Qc5 14.
Rd2 Rb8 15. Qe2 Ne5 16. f4 Ng6 17. g3 Qb4 18. Nd1 O-O 19. a3 Qb6 20. Rd6 f6 21.
Qd2 Nh8 22. c4 Nf7 23. Rd3 d5 24. Qc3 dxe4 25. c5 Qc7 26. Rd4 f5 27. Bc4 Qe7
28. Ba2 e5 29. Rd6 exf4 30. gxf4 Kh8 31. Rxc6 Nd8 32. Rd6 Be6 33. Qe5 Re8 34.
Bxe6 Nxe6 35. Nc3 Qf7 36. Rg1 Rbc8 37. c6 Nd8 38. Qc5 Nb7 39. Rd7 Qxd7 40. cxd7
Nxc5 0-1

[Event "Tata Steel (B) 2015"]
[Site "Wijk aan Zee NED"]
[Date "2015.01.18"]
[Round "8"]
[White "Shankland, S."]
[Black "Potkin, V."]
[Result "1/2-1/2"]
[WhiteElo "2652"]
[BlackElo "2608"]
[PlyCount "65"]
[EventDate "2015.01.10"]

1. c4 c5 2. Nf3 Nf6 3. Nc3 d5 4. cxd5 Nxd5 5. d4 Nxc3 6. bxc3 g6 7. e3 Bg7 8.
Bb5+ Bd7 9. a4 Qa5 10. Qb3 cxd4 11. exd4 Bxb5 12. Qxb5+ Qxb5 13. axb5 Nd7 14.
Be3 e5 15. Ke2 exd4 16. cxd4 Nb6 17. Rhc1 Kd7 18. Ne5+ Bxe5 19. dxe5 Nd5 20.
Bxa7 Rhc8 21. Bd4 Rxa1 22. Rxa1 Rc4 23. Rd1 Ke6 24. g3 Rb4 25. b6 g5 26. Kf3 h5
27. h3 Nxb6 28. Bc5 g4+ 29. Kg2 Rb5 30. Rd6+ Kxe5 31. Rxb6 Rxc5 32. Rxb7 Kf6
33. h4 1/2-1/2

[Event "Tata Steel (B) 2015"]
[Site "Wijk aan Zee NED"]
[Date "2015.01.18"]
[Round "8"]
[White "L'Ami, E."]
[Black "Sevian, Samuel"]
[Result "1/2-1/2"]
[WhiteElo "2613"]
[BlackElo "2511"]
[PlyCount "117"]
[EventDate "2015.01.10"]

1. d4 Nf6 2. c4 g6 3. Nc3 d5 4. cxd5 Nxd5 5. Bd2 Bg7 6. Nf3 O-O 7. Rc1 Nb6 8.
Bf4 c5 9. dxc5 Bxc3+ 10. Rxc3 Qxd1+ 11. Kxd1 Nd5 12. Rc4 Nxf4 13. Rxf4 Be6 14.
e3 Rd8+ 15. Kc2 Rc8 16. b4 a5 17. Bc4 Bxc4 18. Rxc4 b5 19. Re4 axb4 20. Kb1 Na6
21. c6 Rxc6 22. Rxe7 b3 23. axb3 Nb4 24. Rd1 Na2 25. Kb2 Nc3 26. Ra1 Rxa1 27.
Kxa1 b4 28. Ra7 Nd1 29. Kb1 Nc3+ 30. Kb2 Nd1+ 31. Kb1 Nxf2 32. Rxf7 Nd3 33. Rd7
Rc1+ 34. Ka2 Rc2+ 35. Ka1 Nc5 36. Rd8+ Kg7 37. Rb8 Nxb3+ 38. Kb1 Rxg2 39. Rxb4
Nd2+ 40. Nxd2 Rxd2 41. Rb2 Rd3 42. Re2 Kf6 43. Kc2 Ra3 44. Kd2 Kf5 45. Ke1 Kg4
46. Kf2 Kh3 47. Kf3 g5 48. Ke4 g4 49. Kf5 Ra5+ 50. Kf6 h5 51. e4 h4 52. e5 g3
53. hxg3 hxg3 54. e6 g2 55. Rxg2 Kxg2 56. e7 Ra8 57. Kf7 Kf3 58. e8=Q Rxe8 59.
Kxe8 1/2-1/2

[Event "Tata Steel (B) 2015"]
[Site "Wijk aan Zee NED"]
[Date "2015.01.20"]
[Round "9"]
[White "Klein, Da"]
[Black "L'Ami, E."]
[Result "1/2-1/2"]
[WhiteElo "2517"]
[BlackElo "2613"]
[PlyCount "41"]
[EventDate "2015.01.10"]

1. e4 e5 2. Nf3 Nc6 3. Bb5 Nf6 4. O-O Nxe4 5. d4 Nd6 6. Bxc6 dxc6 7. dxe5 Nf5
8. Qxd8+ Kxd8 9. h3 Ke8 10. Nc3 b6 11. Rd1 Bb4 12. Ne2 Bb7 13. Ned4 Nxd4 14.
Nxd4 Rg8 15. Bf4 Rd8 16. Bg3 Bc5 17. Nb3 Be7 18. Nd4 Bc5 19. Nb3 Be7 20. Nd4
Bc5 21. Nb3 1/2-1/2

[Event "Tata Steel (B) 2015"]
[Site "Wijk aan Zee NED"]
[Date "2015.01.20"]
[Round "9"]
[White "Van Kampen, R."]
[Black "Wei Yi"]
[Result "1/2-1/2"]
[WhiteElo "2615"]
[BlackElo "2675"]
[PlyCount "83"]
[EventDate "2015.01.10"]

1. e4 c5 2. Nf3 d6 3. Bb5+ Bd7 4. Bxd7+ Qxd7 5. c4 Nf6 6. Nc3 g6 7. d4 cxd4 8.
Nxd4 Bg7 9. f3 O-O 10. Be3 Nc6 11. O-O a6 12. a4 e6 13. Nxc6 Qxc6 14. Qd3 Nd7
15. b3 Rac8 16. Rab1 Rfd8 17. Rfd1 b6 18. Kh1 h6 19. Qd2 Kh7 20. Bd4 Bxd4 21.
Qxd4 Qc5 22. Qxd6 Ne5 23. Qxc5 bxc5 24. a5 Rxd1+ 25. Rxd1 Rb8 26. Rb1 Nc6 27.
Na4 Nxa5 28. Nxc5 Nxc4 29. Nxa6 Rb5 30. b4 Rb6 31. Ra1 Ne5 32. Kg1 Nd3 33. Ra4
Rc6 34. Ra1 Rb6 35. Ra4 Rc6 36. Kf1 Rc2 37. Ra3 Ne5 38. Kg1 Rc1+ 39. Kf2 Rc2+
40. Kg1 Rc1+ 41. Kf2 Rc2+ 42. Kg1 1/2-1/2

[Event "Tata Steel (B) 2015"]
[Site "Wijk aan Zee NED"]
[Date "2015.01.20"]
[Round "9"]
[White "Gunina, V."]
[Black "Shankland, S."]
[Result "1/2-1/2"]
[WhiteElo "2538"]
[BlackElo "2652"]
[PlyCount "83"]
[EventDate "2015.01.10"]

1. d4 Nf6 2. Nf3 g6 3. Bf4 Bg7 4. e3 O-O 5. h3 d6 6. Be2 c5 7. c3 Qb6 8. Qc1
Nc6 9. O-O Be6 10. Nbd2 cxd4 11. exd4 Nd5 12. Bg3 Bh6 13. Re1 Rac8 14. Bh4 Nf4
15. Bf1 Nb4 16. Qd1 Nbd3 17. Re3 Nxb2 18. Qe1 Bf5 19. Bxe7 Nfd3 20. Qe2 Bxe3
21. Qxe3 Rfe8 22. Nh4 d5 23. Qg3 Bd7 24. Bd6 Rc6 25. Rb1 Rxc3 26. Bc5 Nxc5 27.
Qxc3 Nca4 28. Qb3 Qxd4 29. Qxb7 Nc5 30. Qxa7 Qxd2 31. Qxc5 Nc4 32. Nf3 Qxa2 33.
Rb7 Be6 34. Ng5 Qa6 35. Rc7 Qd6 36. Qb5 Re7 37. Rc6 Qe5 38. Nxe6 Rxe6 39. Rc8+
Kg7 40. Bxc4 dxc4 41. Qxe5+ Rxe5 42. Rxc4 1/2-1/2

[Event "Tata Steel (B) 2015"]
[Site "Wijk aan Zee NED"]
[Date "2015.01.20"]
[Round "9"]
[White "Michiels, B."]
[Black "Timman, J."]
[Result "1/2-1/2"]
[WhiteElo "2563"]
[BlackElo "2593"]
[PlyCount "80"]
[EventDate "2015.01.10"]

1. d4 Nf6 2. c4 e6 3. Nc3 Bb4 4. Qc2 O-O 5. a3 Bxc3+ 6. Qxc3 b5 7. cxb5 c6 8.
Bg5 cxb5 9. e3 Bb7 10. Nf3 h6 11. Bh4 g5 12. Bg3 Ne4 13. Qc2 Qa5+ 14. b4 Qb6
15. Bd3 Rc8 16. Qb2 d6 17. d5 Bxd5 18. Bxe4 Bxe4 19. Qf6 Bg6 20. h4 Nd7 21. Qe7
Qc7 22. O-O Ne5 23. Qxc7 Nxf3+ 24. gxf3 Rxc7 25. hxg5 hxg5 26. Bxd6 Rd7 27. Bc5
Bc2 28. Rfc1 Ba4 29. Bd4 Rd5 30. Rc5 Rxc5 31. bxc5 Rc8 32. Rc1 Bb3 33. f4 gxf4
34. exf4 a6 35. Rc3 Bd5 36. Rh3 f6 37. Rh6 Be4 38. f3 Bf5 39. Kf2 a5 40. Rxf6
b4 1/2-1/2

[Event "Tata Steel (B) 2015"]
[Site "Wijk aan Zee NED"]
[Date "2015.01.20"]
[Round "9"]
[White "Sevian, Samuel"]
[Black "Haast, A."]
[Result "1-0"]
[WhiteElo "2511"]
[BlackElo "2352"]
[PlyCount "57"]
[EventDate "2015.01.10"]

1. e4 c5 2. Nf3 e6 3. d4 cxd4 4. Nxd4 Nc6 5. Nc3 Qc7 6. g3 a6 7. Bg2 h5 8. O-O
h4 9. Re1 hxg3 10. hxg3 d6 11. Nxc6 bxc6 12. e5 d5 13. Na4 Bb7 14. c4 dxc4 15.
Nc3 Ne7 16. Ne4 Nf5 17. Bg5 Bb4 18. Re2 Kf8 19. a3 Be7 20. Rd2 c5 21. Rd7 Qb6
22. Bxe7+ Nxe7 23. Qd2 Bd5 24. Qg5 Re8 25. Nd6 Bxg2 26. Nxe8 Nf5 27. Rd8 f6 28.
exf6 Bf3 29. fxg7+ 1-0

[Event "Tata Steel (B) 2015"]
[Site "Wijk aan Zee NED"]
[Date "2015.01.20"]
[Round "9"]
[White "Salem, AR."]
[Black "Navara, D."]
[Result "0-1"]
[WhiteElo "2603"]
[BlackElo "2729"]
[PlyCount "80"]
[EventDate "2015.01.10"]

1. d4 Nf6 2. c4 g6 3. Nc3 d5 4. cxd5 Nxd5 5. e4 Nxc3 6. bxc3 Bg7 7. Nf3 c5 8.
Rb1 O-O 9. Be2 Nc6 10. d5 Bxc3+ 11. Bd2 Bxd2+ 12. Qxd2 Na5 13. h4 Bg4 14. h5
Bxf3 15. gxf3 e5 16. hxg6 fxg6 17. d6 b6 18. Qd5+ Kg7 19. Qxe5+ Qf6 20. Qxf6+
Rxf6 21. e5 Rf5 22. f4 Rxf4 23. Rh3 Re4 24. Re3 Rxe3 25. fxe3 Re8 26. Rd1 Kf7
27. Rd5 Ke6 28. e4 h5 29. Kd2 Rd8 30. Bb5 a6 31. Bxa6 Nc6 32. d7 Nxe5 33. Ke3
Nxd7 34. Bb5 Ke7 35. Kf4 Nf8 36. Rxd8 Ne6+ 37. Ke5 Nxd8 38. a4 h4 39. Kf4 Nf7
40. e5 h3 0-1

[Event "Tata Steel (B) 2015"]
[Site "Wijk aan Zee NED"]
[Date "2015.01.20"]
[Round "9"]
[White "Potkin, V."]
[Black "Dale, Ari"]
[Result "1/2-1/2"]
[WhiteElo "2608"]
[BlackElo "2291"]
[PlyCount "90"]
[EventDate "2015.01.10"]

1. Nf3 d5 2. d4 c5 3. c4 e6 4. cxd5 exd5 5. g3 Nc6 6. Bg2 Nf6 7. O-O Be7 8.
dxc5 Bxc5 9. a3 Ne4 10. Nfd2 Nxd2 11. Qxd2 Be6 12. b4 Bb6 13. Nc3 d4 14. Na4
O-O 15. Bb2 Bd5 16. e4 Bb3 17. Nxb6 Qxb6 18. e5 Rad8 19. Rfe1 Rfe8 20. Qd3 Bd5
21. f4 Bxg2 22. Kxg2 a5 23. b5 Rd5 24. bxc6 Qxb2+ 25. Kf3 Rc5 26. Rab1 Qc3 27.
Qxc3 Rxc3+ 28. Ke4 bxc6 29. Kxd4 Rxa3 30. f5 a4 31. e6 fxe6 32. fxe6 Rb3 33.
Ke5 Reb8 34. Rbd1 Kf8 35. Rd7 R3b7 36. Rf1+ Ke8 37. Kd6 a3 38. Ra1 Rb3 39. Rxg7
Rd3+ 40. Kxc6 Rb2 41. Ra7 Rc2+ 42. Kb5 Rb3+ 43. Ka4 Rcb2 44. Rxa3 Rb4+ 45. Ka5
Rb5+ 1/2-1/2

[Event "Tata Steel 2015"]
[Site "Wijk aan Zee NED"]
[Date "2015.01.21"]
[Round "10"]
[White "Vachier-Lagrave, Maxime"]
[Black "Wojtaszek, Radoslaw"]
[Result "1/2-1/2"]
[WhiteElo "2757"]
[BlackElo "2744"]
[PlyCount "63"]
[EventDate "2015.01.10"]

1. c4 Nf6 2. Nc3 e6 3. e4 d5 4. e5 d4 5. exf6 dxc3 6. bxc3 Qxf6 7. d4 e5 8. Nf3
Nc6 9. Bg5 Qg6 10. d5 Nb8 11. h4 h6 12. Be3 Nd7 13. Qa4 Kd8 14. d6 Bxd6 15.
O-O-O b6 16. Bd3 f5 17. g4 Qxg4 18. Qc6 Rb8 19. Rhg1 Bb7 20. Qxd7+ Kxd7 21.
Nxe5+ Bxe5 22. Bxf5+ Ke7 23. Rd7+ Ke8 24. Bxg4 Rd8 25. f4 Rxd7 26. Bxd7+ Kxd7
27. fxe5 Rh7 28. c5 Ke6 29. Rg4 Kxe5 30. Ra4 a6 31. cxb6 cxb6 32. Bxb6 1/2-1/2

[Event "Tata Steel 2015"]
[Site "Wijk aan Zee NED"]
[Date "2015.01.21"]
[Round "10"]
[White "Jobava, Baadur"]
[Black "Caruana, Fabiano"]
[Result "0-1"]
[WhiteElo "2727"]
[BlackElo "2820"]
[PlyCount "108"]
[EventDate "2015.01.10"]

1. d4 Nf6 2. Nc3 d5 3. Bf4 e6 4. e3 Bb4 5. Nge2 O-O 6. a3 Bd6 7. g3 b6 8. Bg2
Bb7 9. O-O c5 10. Re1 Be7 11. h3 Nc6 12. g4 Rc8 13. Qd2 a6 14. dxc5 bxc5 15.
Rad1 Qa5 16. Nc1 c4 17. N1e2 Rfd8 18. Nd4 Qb6 19. Qc1 Nd7 20. g5 Bf8 21. h4 g6
22. h5 Bg7 23. hxg6 hxg6 24. Nf3 Nc5 25. Nh2 e5 26. Bg3 Ne7 27. Ng4 e4 28. f4
Nf5 29. Bf2 Rb8 30. Rd2 Qe6 31. Bh3 Qc6 32. Bg2 Qe6 33. Red1 Nh4 34. Bh3 Nf3+
35. Kg2 Qd6 36. Rxd5 Bxd5 37. Rxd5 Qb6 38. Rxc5 Qxc5 39. Nxe4 Qc6 40. Nef6+
Bxf6 41. Nxf6+ Kg7 42. e4 Nd2 43. Bg4 c3 44. b4 Rd6 45. Qe1 Rbd8 46. Qh1 Rxf6
47. Qh6+ Kg8 48. gxf6 Qxf6 49. Bh4 Qd4 50. Bxd8 Qxe4+ 51. Kg3 Qe1+ 52. Kg2 Qf1+
53. Kh2 Qf2+ 54. Kh1 Nf1 0-1

[Event "Tata Steel 2015"]
[Site "Wijk aan Zee NED"]
[Date "2015.01.21"]
[Round "10"]
[White "Radjabov, Teimour"]
[Black "Aronian, Levon"]
[Result "1/2-1/2"]
[WhiteElo "2734"]
[BlackElo "2797"]
[PlyCount "111"]
[EventDate "2015.01.10"]

1. e4 e5 2. Nf3 Nc6 3. Bb5 a6 4. Ba4 Nf6 5. O-O Be7 6. Re1 b5 7. Bb3 O-O 8. c3
d5 9. exd5 Nxd5 10. Nxe5 Nxe5 11. Rxe5 c6 12. d3 Bd6 13. Re1 Bf5 14. Qf3 Qh4
15. g3 Qh3 16. Nd2 Rae8 17. Ne4 Bg4 18. Qg2 Qxg2+ 19. Kxg2 f5 20. h3 Bh5 21.
Bf4 Bxf4 22. gxf4 fxe4 23. dxe4 Bf3+ 24. Kxf3 Rxf4+ 25. Kg3 Rfxe4 26. Rxe4 Rxe4
27. f3 Re5 28. c4 bxc4 29. Bxc4 a5 30. Rc1 Rg5+ 31. Kf2 Kf8 32. Bd3 Nb4 33.
Bxh7 g6 34. Rd1 Nxa2 35. Ra1 Nb4 36. h4 Rh5 37. Bxg6 Rxh4 38. Kg3 Rd4 39. Rxa5
Rd2 40. b3 Rb2 41. Ra3 Kg7 42. Be4 Kf6 43. Kf4 Ke6 44. Ke3 Nc2+ 45. Bxc2 Rxc2
46. Kd4 Rd2+ 47. Kc5 Rc2+ 48. Kb6 Rc3 49. f4 Kd6 50. f5 Rf3 51. f6 Rxf6 52. b4
Kd5 53. Ra5+ Kc4 54. Rc5+ Kxb4 55. Rxc6 Rxc6+ 56. Kxc6 1/2-1/2

[Event "Tata Steel 2015"]
[Site "Wijk aan Zee NED"]
[Date "2015.01.21"]
[Round "10"]
[White "Van Wely, Loek"]
[Black "Hou, Yifan"]
[Result "1-0"]
[WhiteElo "2667"]
[BlackElo "2673"]
[PlyCount "47"]
[EventDate "2015.01.10"]

1. e4 c5 2. Nf3 Nc6 3. Bb5 g6 4. Bxc6 bxc6 5. O-O Bg7 6. Re1 Nf6 7. e5 Nd5 8.
c4 Nc7 9. d4 cxd4 10. Qxd4 O-O 11. Qh4 f6 12. Nc3 Ne6 13. Ne4 fxe5 14. Nfg5
Nxg5 15. Bxg5 Qb6 16. c5 Qxb2 17. Rad1 d5 18. cxd6 exd6 19. Rxd6 Bf5 20. Nf6+
Bxf6 21. Bxf6 Rab8 22. Qc4+ Rf7 23. Red1 Qb1 24. h3 1-0

[Event "Tata Steel (B) 2015"]
[Site "Wijk aan Zee NED"]
[Date "2015.01.21"]
[Round "10"]
[White "Shankland, Samuel L"]
[Black "Sevian, Samuel"]
[Result "1/2-1/2"]
[WhiteElo "2652"]
[BlackElo "2511"]
[PlyCount "87"]
[EventDate "2015.01.10"]

1. e4 e5 2. Nf3 Nc6 3. Bb5 a6 4. Ba4 Nf6 5. O-O b5 6. Bb3 Bc5 7. c3 d6 8. d4
Bb6 9. a4 Rb8 10. Na3 Bg4 11. axb5 axb5 12. Nxb5 O-O 13. Bc2 exd4 14. cxd4 d5
15. e5 Ne4 16. Ra3 f6 17. exf6 Qxf6 18. Nc3 Nxc3 19. bxc3 Bxf3 20. Qxf3 Qxf3
21. gxf3 Rxf3 22. Be3 Na5 23. Bd3 Nb7 24. Rb1 Nd6 25. Ra5 Nf5 26. Be2 Rh3 27.
Bf1 Rf8 28. Rxd5 Nxe3 29. Bxh3 Nxd5 30. Be6+ Kh8 31. Bxd5 g6 32. Be4 Ba5 33.
Rb3 Kg7 34. f3 Rf6 35. Kf1 Rb6 36. Ra3 Rb5 37. c4 Rh5 38. c5 Bd2 39. d5 Bf4 40.
Rd3 Rxh2 41. d6 cxd6 42. cxd6 Rd2 43. Rxd2 Bxd2 44. d7 1/2-1/2

[Event "Tata Steel (B) 2015"]
[Site "Wijk aan Zee NED"]
[Date "2015.01.21"]
[Round "10"]
[White "Dale, Ari"]
[Black "Gunina, Valentina"]
[Result "1/2-1/2"]
[WhiteElo "2291"]
[BlackElo "2538"]
[PlyCount "199"]
[EventDate "2015.01.10"]

1. d4 Nf6 2. c4 e6 3. Nc3 Bb4 4. e3 O-O 5. Bd3 c5 6. Nge2 Nc6 7. O-O d6 8. a3
Bxc3 9. bxc3 e5 10. f3 b6 11. Qe1 Ba6 12. d5 Na5 13. e4 Bxc4 14. Bxc4 Nxc4 15.
g4 b5 16. Ng3 Nd7 17. Nf5 Re8 18. h4 Nf8 19. h5 h6 20. g5 hxg5 21. h6 g6 22.
Ng7 Nh7 23. Nxe8 Qxe8 24. a4 bxa4 25. Qe2 Na5 26. Qa6 Nb3 27. Rxa4 Nxc1 28.
Rxc1 g4 29. Qxd6 gxf3 30. Ra2 Rd8 31. Qxc5 Qd7 32. Kh1 Ng5 33. Qe3 Qg4 34. Rg1
Qh4+ 35. Rh2 Qxe4 36. h7+ Kg7 37. Qxe4 Nxe4 38. c4 Kh8 39. Ra1 g5 40. Rxa7 Rb8
41. Rha2 Rb1+ 42. Kh2 g4 43. Rxf7 g3+ 44. Kh3 Ng5+ 45. Kxg3 Nxf7 46. Kxf3 Kxh7
47. c5 Rc1 48. c6 Kg6 49. Ra7 Kf6 50. Rd7 Rc3+ 51. Ke2 e4 52. c7 Ne5 53. Rd6+
Kg5 54. Re6 Nf7 55. Rxe4 Rxc7 56. Kd3 Kf5 57. Ra4 Ne5+ 58. Ke3 Rc3+ 59. Ke2 Nc4
60. Ra8 Ke4 61. Re8+ Kxd5 62. Rd8+ Ke4 63. Re8+ Ne5 64. Kd2 Rc7 65. Re6 Rh7 66.
Re8 Rh3 67. Kc2 Rg3 68. Kd2 Rd3+ 69. Kc2 Rd5 70. Rh8 Nf3 71. Kc3 Rc5+ 72. Kb4
Rc7 73. Re8+ Kd3 74. Rh8 Rc4+ 75. Kb5 Nd4+ 76. Kb6 Rc6+ 77. Kb7 Rg6 78. Rh3+
Kc4 79. Rh1 Rg7+ 80. Kb6 Rf7 81. Rc1+ Kd5 82. Rh1 Rf6+ 83. Kb7 Rf2 84. Rd1 Rc2
85. Kb6 Rc4 86. Kb7 Kd6 87. Rh1 Ne6 88. Rh6 Rc1 89. Kb6 Rb1+ 90. Ka5 Rb8 91.
Ka4 Kd5 92. Rh5+ Kc4 93. Rh4+ Nd4 94. Ka5 Rb1 95. Ka6 Kd5 96. Rh5+ Kd6 97. Rh6+
Ne6 98. Ka5 Kc5 99. Rh5+ Kc6 100. Rh6 1/2-1/2

[Event "Tata Steel (B) 2015"]
[Site "Wijk aan Zee NED"]
[Date "2015.01.21"]
[Round "10"]
[White "Navara, David"]
[Black "Potkin, Vladimir"]
[Result "1/2-1/2"]
[WhiteElo "2729"]
[BlackElo "2608"]
[PlyCount "67"]
[EventDate "2015.01.10"]

1. e4 c5 2. Nf3 e6 3. d4 cxd4 4. Nxd4 Nc6 5. Nc3 Qc7 6. Be2 a6 7. O-O Nf6 8.
Be3 Be7 9. f4 d6 10. a4 O-O 11. Kh1 Nxd4 12. Qxd4 Bd7 13. Qd2 Bc6 14. Bd3 b5
15. axb5 axb5 16. Nxb5 Qb7 17. c4 Nxe4 18. Qc2 f5 19. Bd4 Nc5 20. Bxc5 dxc5 21.
Qe2 Rf6 22. Rxa8+ Qxa8 23. Nc7 Qb7 24. Nxe6 Bxg2+ 25. Qxg2 Qxg2+ 26. Kxg2 Rxe6
27. Bxf5 Re2+ 28. Rf2 Rxf2+ 29. Kxf2 Bf6 30. b3 g6 31. Be4 Bc3 32. h4 Kg7 33.
Kg3 h5 34. f5 1/2-1/2

[Event "Tata Steel (B) 2015"]
[Site "Wijk aan Zee NED"]
[Date "2015.01.21"]
[Round "10"]
[White "Wei, Yi"]
[Black "L'Ami, Erwin"]
[Result "1-0"]
[WhiteElo "2675"]
[BlackElo "2613"]
[PlyCount "65"]
[EventDate "2015.01.10"]

1. e4 e5 2. Nf3 Nc6 3. Bc4 Nf6 4. d3 Bc5 5. Nbd2 O-O 6. O-O d6 7. c3 a6 8. h3
Ba7 9. Bb3 Ne7 10. Re1 Ng6 11. Nf1 h6 12. Ng3 Nh7 13. d4 Ng5 14. Nxg5 hxg5 15.
Nf5 Nf4 16. g3 g6 17. gxf4 gxf4 18. dxe5 Qg5+ 19. Kh1 Bxf5 20. exf5 Bxf2 21.
Rf1 Bg3 22. exd6 Qxf5 23. Qg4 Qxg4 24. hxg4 g5 25. dxc7 Rac8 26. Bd2 Kg7 27.
Kg2 Rfe8 28. Bd1 Rxc7 29. Bf3 Rce7 30. Rad1 Kg6 31. c4 f5 32. Bc3 Re2+ 33. Kg1
1-0

[Event "Tata Steel (B) 2015"]
[Site "Wijk aan Zee NED"]
[Date "2015.01.21"]
[Round "10"]
[White "Van Kampen, Robin"]
[Black "Michiels, Bart"]
[Result "1-0"]
[WhiteElo "2615"]
[BlackElo "2563"]
[PlyCount "79"]
[EventDate "2015.01.10"]

1. e4 e6 2. d4 d5 3. Nd2 Nf6 4. e5 Nfd7 5. f4 c5 6. c3 Nc6 7. Ndf3 Qb6 8. g3 a5
9. a4 cxd4 10. cxd4 Bb4+ 11. Kf2 Ndb8 12. Kg2 Bd7 13. Be3 Be7 14. Qd2 Nb4 15.
Ne2 O-O 16. h4 f5 17. exf6 Bxf6 18. Ne5 Be8 19. h5 N8c6 20. Nc3 Ne7 21. g4 Nc8
22. Nb5 Nd6 23. Nxd6 Qxd6 24. Be2 Rc8 25. Bd1 Qc7 26. Ra3 b5 27. Rc3 Qb7 28. g5
Bxe5 29. fxe5 bxa4 30. Bg4 Rc6 31. g6 Rb6 32. gxh7+ Kxh7 33. Kg3 Bb5 34. Bg5
Bc4 35. Rh2 Rf1 36. h6 g6 37. Rf2 Rxf2 38. Qxf2 Nd3 39. Qf8 Qc7 40. Be7 1-0